| 000 -LEADER | |
|---|---|
| fixed length control field | 00470nam a22001697a 4500 |
| 005 - DATE AND TIME OF LATEST TRANSACTION | |
| control field | 20230117113506.0 |
| 008 - FIXED-LENGTH DATA ELEMENTS--GENERAL INFORMATION | |
| fixed length control field | 210227b ||||| |||| 00| 0 eng d |
| 020 ## - INTERNATIONAL STANDARD BOOK NUMBER | |
| ISBN | 9789384875558 |
| 041 ## - LANGUAGE CODE | |
| Language code of text/sound track or separate title | eng |
| 082 ## - DEWEY DECIMAL CLASSIFICATION NUMBER | |
| Classification number | 615.1 WAG-H |
| 100 ## - MAIN ENTRY--AUTHOR NAME | |
| Personal name | WAGHMARE , SANTOSH CHANCHAL AND KUMAR AJAY |
| 245 ## - TITLE STATEMENT | |
| Title | HEALTH EDUCATION AND COMMUNITY PHARMACY |
| 260 ## - PUBLICATION, DISTRIBUTION, ETC. (IMPRINT) | |
| Place of publication | MODINAGAR |
| Name of publisher | UNNATI PUBLICATION |
| Year of publication | 2020 |
| 300 ## - PHYSICAL DESCRIPTION | |
| Number of Pages | 136, P. |
| 650 ## - SUBJECT ADDED ENTRY--TOPICAL TERM | |
| Topical Term | PHARMACY |
| General subdivision | B.PHARMA |
| 942 ## - ADDED ENTRY ELEMENTS (KOHA) | |
| Koha item type | Books |
| Lost status | Damaged status | Collection code | Home library | Current library | Shelving location | Date acquired | Source of acquisition | Cost, normal purchase price | Full call number | Accession Number | Koha item type |
|---|---|---|---|---|---|---|---|---|---|---|---|
| Reference | JRU Library | JRU Library | SHELF-4-D | 27/02/2021 | PURCHES-1910/17-02-2021 | 224.00 | 615.1 WAG-H | 25650 | Books | ||
| PHARMACY | JRU Library | JRU Library | SHELF - 19 - H | 27/02/2021 | PURCHES-1910/17-02-2021 | 224.00 | 615.1 WAG-H | 25651 | Books | ||
| PHARMACY | JRU Library | JRU Library | SHELF - 19 - H | 27/02/2021 | PURCHES-1910/17-02-2021 | 224.00 | 615.1 WAG-H | 25652 | Books | ||
| PHARMACY | JRU Library | JRU Library | SHELF - 19 - H | 27/02/2021 | PURCHES-1910/17-02-2021 | 224.00 | 615.1 WAG-H | 25653 | Books | ||
| PHARMACY | JRU Library | JRU Library | SHELF - 19 - H | 27/02/2021 | PURCHES-1910/17-02-2021 | 224.00 | 615.1 WAG-H | 25654 | Books | ||
| PHARMACY | JRU Library | JRU Library | SHELF - 19 - H | 27/02/2021 | PURCHES-1910/17-02-2021 | 224.00 | 615.1 WAG-H | 25655 | Books | ||
| PHARMACY | JRU Library | JRU Library | SHELF - 19 - H | 27/02/2021 | PURCHES-1910/17-02-2021 | 224.00 | 615.1 WAG-H | 25656 | Books | ||
| PHARMACY | JRU Library | JRU Library | SHELF - 19 - H | 27/02/2021 | PURCHES-1910/17-02-2021 | 224.00 | 615.1 WAG-H | 25657 | Books | ||
| PHARMACY | JRU Library | JRU Library | SHELF - 19 - H | 27/02/2021 | PURCHES-1910/17-02-2021 | 224.00 | 615.1 WAG-H | 25658 | Books | ||
| PHARMACY | JRU Library | JRU Library | SHELF - 19 - H | 27/02/2021 | PURCHES-1910/17-02-2021 | 224.00 | 615.1 WAG-H | 25659 | Books |